| 000 | 00985cam a22002054a 4500 | ||
|---|---|---|---|
| 005 | 20250605164123.0 | ||
| 008 | 250528s ||||||||||||||||||||||||d | ||
| 035 | _a18368 | ||
| 020 | _a1857880293 | ||
| 040 |
_aGR-AtMCL _bgre _dGR-AtMCL _eAACR2 |
||
| 245 | 1 | _aReengineering the Corporation / A Manifesto for Business Revolution | |
| 260 |
_bNicholas Brealey Publishing, _c1993 |
||
| 300 | _a232 | ||
| 520 | _aAn important book that describes the principles behind a new and systematic approach to structuring and managing work. Introduction, The Crisis That Will Not Go Away, Reengineering - The Path to Change, The New World of Work, The Enabling Role of Information Technology, Who Will Reengineer, The Hunt for Reengineering Opportunities, The Experience of Process Redesign, Embarking on Reengineering, Succeeding a Reengineering, Epilogue, Index. | ||
| 700 | 1 |
_aChampy James _94643 |
|
| 700 | 1 |
_aHammer Michael _94644 |
|
| 942 | _cBK | ||
| 999 |
_c3730 _d3730 |
||